02748cam a2200613 i 4500001001200000003000600012005001700018008004100035020004800076035002200124035002300146040007700169041001300246045001700259046000900276100004700285245024200332246007600574260011000650300004400760336002700804337005400831338002800885380001600913380002300929388001000952490002500962490009400987504004601081546004001127648001901167648001901186648001901205650003301224650003101257650002501288650003701313650001901350650003501369650004201404650005001446650004301496650004101539650007401580650005501654650003701709651001601746655002001762658001301782658003701795710012701832830011201959830006302071xx004982926NUKAT20260430104422.0201028s2020 pl a g |001 0 pol c a9788380982888q(oprawa twarda) :czł 40,00 a(OCoLC)1204354308 a(NUKAT)xx004982926 aWR U/PAdbpolerdacWR U/apdWR U/jmdWR U/AWsdWA 14/ABsdOLSZT 008/bak0 apolbeng2 bd1944bd1956 k20201 aRomanowska, Elżbietac(historia).eAutor10a"Wkrótce już stanę przed innym sądem..." :bprawnicy II Rzeczypospolitej represjonowani w Polsce w latach 1944-1956 /cElżbieta Romanowska ; Instytut Pamięci Narodowej. Komisja Ścigania Zbrodni przeciwko Narodowi Polskiemu.30aPrawnicy II Rzeczypospolitej represjonowani w Polsce w latach 1944-1956 aWarszawa :bInstytut Pamięci Narodowej. Komisja Ścigania Zbrodni przeciwko Narodowi Polskiemu,c2020. a382, [1] strona :bilustracje ;c25 cm. aTekstbtxt2rdacontent aBez urządzenia pośredniczącegobn2rdamedia aWoluminbnc2rdacarrier aKsiążki aPublikacje naukowe1 a2001-1 aMonografie ;vt. 1521 aCentralny Projekt Badawczy IPN Partia Komunistyczna w Systemie Władzy w Polsce 1944-1989 aBibliografia na stronach 357-370. Indeks. aStreszczenie w języku angielskim. 7a1901-20002DBN 7a1939-19452DBN 7a1945-19892DBN 7aOfiary prześladowań2DBN 7aPrawnicy i prawniczki2DBN 7aProces pokazowy2DBN 7aPrześladowania polityczne2DBN 7aStalinizm2DBN 7aPrawnicyzPolskay1945-.2kaba 7aRepresje polityczney1945-1990.2kaba 7aRepresje politycznezPolskay1945-1970.2kaba 7aPrawnicyxstatus prawnyzPolska.2kaba 7aPrawnicyxdeontologiazPolska.2kaba 7aWymiar sprawiedliwościxaspekt politycznyzPolskay1945-1970.2kaba 7aWymiar sprawiedliwościzPolskay1945-1970.2kaba 7aSądyzPolskay1945-1970.2kaba 7aPolska2DBN 7aMonografia2DBN aHistoria aPrawo i wymiar sprawiedliwości2 aInstytut Pamięci Narodowej - Komisja Ścigania Zbrodni przeciwko Narodowi Polskiemu.eInstytucja sprawczaeWydawca4pbl 0aMonografie - Instytut Pamięci Narodowej - Komisja Ścigania Zbrodni przeciwko Narodowi Polskiemuvt. 152 0aPartia Komunistyczna w Systemie Władzy w Polsce 1944-1989